La conquista de América: el problema del otro
Gespeichert in:
| 1. Verfasser: | |
|---|---|
| Format: | Buch |
| Sprache: | Spanisch |
| Veröffentlicht: |
Buenos Aires
Siglo XXI
2008
|
| Ausgabe: | 2a. ed |
| Schriftenreihe: | Biblioteca Clásica de Siglo Veintiuno
|
| Schlagworte: | |
| Tags: |
Tag hinzufügen
Keine Tags, Fügen Sie den ersten Tag hinzu!
|
MARC
| LEADER | 00000cam a2200000 a 4500 | ||
|---|---|---|---|
| 001 | UCG2101 | ||
| 003 | CL-VaPUC | ||
| 008 | 100610e20080000AG |||||||||||||||||spa|d | ||
| 020 | |a 9789876290074 | ||
| 082 | 0 | 4 | |a 980 |b TOD |2 21 |
| 100 | 0 | |a Todorov, Tzvetan |e author |9 550408 | |
| 245 | 1 | 3 | |a La conquista de América: el problema del otro |
| 250 | |a 2a. ed | ||
| 300 | |a 319 p | ||
| 942 | |c BK | ||
| 945 | |d 20100610 00:00:00 |a dcastane | ||
| 260 | |a Buenos Aires |b Siglo XXI |c 2008 | ||
| 650 | 7 | |a DESCUBRIMIENTO Y EXPLORACION |2 CL-VaPUC |9 540876 | |
| 650 | 0 | |a Conquista de América |9 445170 | |
| 650 | 0 | |a Trato a los indios |9 267759 | |
| 651 | 0 | |a América |9 255182 | |
| 651 | 0 | |a México |9 255269 | |
| 583 | |a last modification |c 20120914 12:17:10 |k Rodrigo Vera | ||
| 490 | 0 | |a Biblioteca Clásica de Siglo Veintiuno | |
| 999 | |c 341338 |d 341336 | ||
| 952 | |0 0 |1 0 |4 0 |6 980_000000000000000_TOD_2008 |7 0 |8 A |9 436721 |a BIBHIS |b BIBHIS |d 2019-11-22 |i 468253K |l 6 |m 1 |o 980 TOD 2008 |p 468253K |r 2025-01-20 |s 2024-04-25 |w 2019-11-22 |y BK |k HIS | ||
| 952 | |0 0 |1 0 |4 0 |6 980_000000000000000_TOD_2008 |7 0 |8 A |9 436722 |a BIBARQ |b BIBARQ |d 2019-11-22 |i 475493K |o 980 TOD 2008 |p 475493K |r 2025-01-20 |w 2019-11-22 |y BK |k ARQ | ||
| 952 | |0 0 |1 2 |4 0 |6 980_000000000000000_TOD_2008 |7 0 |8 A |9 436723 |a BIBGIM |b BIBGIM |d 2019-11-22 |i 4880382 |o 980 TOD 2008 |p 4880382 |r 2019-11-22 |w 2019-11-22 |y BK |k SSL | ||
| 952 | |0 0 |1 0 |4 0 |6 980_000000000000000_TOD_2008 |7 0 |8 R |9 436725 |a BIBEDU |b BIBEDU |c MCIRC |d 2019-11-22 |i 4901525 |o 980 TOD 2008 |p 4901525 |r 2023-01-13 |w 2019-11-22 |y BK_R |k PSI | ||
| 952 | |0 0 |1 2 |4 0 |6 980_000000000000000_TOD_2008 |7 0 |8 A |9 436726 |a BIBGIM |b BIBGIM |d 2019-11-22 |i 4922972 |o 980 TOD 2008 |p 4922972 |r 2019-11-22 |w 2019-11-22 |y BK |k SSL | ||
| 952 | |0 0 |1 0 |3 erb |4 0 |6 980_000000000000000_TOD_2008 |7 0 |8 R |9 436727 |a BIBEDU |b BIBEDU |c MCIRC |d 2019-11-22 |i 5019834 |o 980 TOD 2008 |p 5019834 |r 2023-01-13 |w 2019-11-22 |y BK_R |z Catalogado en:20131018 |k PSI | ||
| 952 | |0 0 |1 0 |3 erb |4 0 |6 980_000000000000000_TOD_2008 |7 0 |8 A |9 436728 |a FDOHBE |b FDOHBE |e Huesbe Llanos, Marco Antonio, 1934- |i 5332508 |o 980 TOD 2008 |p 5332508 |r 2024-01-30 |w 2019-11-22 |y BK |z Catalogado en:20160701 |k HBE | ||